El panafricanismo, evolución y perspectiva (Registro nro. 16329)
[ vista simple ]
| 000 -ENCABEZADO | |
|---|---|
| Número de control [NR] | 00621nam a2200193Ia 4500 |
| 008 - DE LONGITUD FIJA DE DATOS DE ELEMENTOS - INFORMACIÓN GENERAL | |
| Elementos de longitud fija [NR] | 130821s1971 mx gr spa |
| 040 ## - FUENTE DE CATALOGACION [NR] | |
| Agencia de catalogación original [NR] | Co-BoUCM |
| Idioma de catalogación [NR] | spa |
| 041 ## - CODIGO DE IDIOMA [R] | |
| Código de idioma para texto/pista de sonido o título separado [R] | Español |
| 100 ## - ASIENTO PRINCIPAL--NOMBRE PERSONAL [NR] | |
| Nombre personal [NR] | Contreras Granguillhome, Jesús |
| ID Autoridad | 116555 |
| 245 #3 - MENCION DE TITULO [NR] | |
| Título [NR] | El panafricanismo, evolución y perspectiva |
| Mención de responsabilidad, etc. [NR] | Jesús Contreras Granguillhome |
| 260 ## - PUBLICACION, DISTRIBUCION, ETC. (PIE DE IMPRENTA) [R] | |
| Lugar de publicación, distribución, etc. [R] | México D.F. (México) |
| Nombre del editor, distribuidor, etc. [R] | Unam |
| Fecha de publicación, distribución, etc. [R] | 1971 |
| 300 ## - DESCRIPCION FISICA [R] | |
| Extensión [R] | 385 páginas |
| 490 ## - MENCION DE SERIE [R] | |
| Mención de serie [R] | Serie Estudios ; 17 |
| 650 04 - ASIENTO SECUNDARIO DE MATERIA - TERMINO TEMATICO [R] | |
| Término temático o nombre geográfico como elemento de entrada [NR] | Historia |
| 9 (RLIN) | 7695 |
| 651 ## - ASIENTO SECUNDARIO DE MATERIA - NOMBRE GEOGRAFICO [R] | |
| Nombre geográfico [NR] | África |
| 9 (RLIN) | 26728 |
| 651 ## - ASIENTO SECUNDARIO DE MATERIA - NOMBRE GEOGRAFICO [R] | |
| Nombre geográfico [NR] | África |
| Subdivisión general [R] | Historia |
| 9 (RLIN) | 62883 |
| 942 ## - ELEMENTOS DE ENTRADA AGREGADOS (KOHA) | |
| Tipo de ítem principal el descrito en 300a | Libro |
| Tema principal | Historia |
| Edición | 1 |
| Parte restante de la signatura top. | C65PL |
| Sistema de clasificación | DEWEY |
| Clasificación | 960 |
| Fecha de último préstamo | Total préstamos | Total Renewals | Signatura topográfica | Código de barras | Última vez visto | Ejemplar | Price effective from | Tipo de ítem | Perdido | Sistema de clasificación | Dañado | No prestable | Tipo de ítem específico | Suprimido | Ubicación habitual | Ubicación actual | Localización | Fecha de creación | Forma de adquisición | Costo |
|---|---|---|---|---|---|---|---|---|---|---|---|---|---|---|---|---|---|---|---|---|
| 11/05/2017 | 21 | 3 | 960 C65PL | 100014615 | 10/12/2025 | Ej.1 | 03/02/2013 | Libro | DEWEY | Libro | Claustro | Claustro | 2do piso | 28/02/2003 | Donación | 600.00 |